MARC details
| 000 -LEADER |
| fixed length control field |
04843nam a22006017a 4500 |
| 005 - DATE AND TIME OF LATEST TRANSACTION |
| control field |
20081015101515.0 |
| 008 - FIXED-LENGTH DATA ELEMENTS--GENERAL INFORMATION |
| fixed length control field |
081015t xxu||||| |||| 00| 0 hin d |
| 010 ## - LCCN (DPL NO) |
| LC control number |
HIN-84409-417 |
| 020 ## - INTERNATIONAL STANDARD BOOK NUMBER |
| Terms of availability |
6300.00 (सैट मूल्य) |
| International Standard Book Number |
9788179752142 |
| 020 ## - INTERNATIONAL STANDARD BOOK NUMBER |
| International Standard Book Number |
9788179752135 |
| 020 ## - INTERNATIONAL STANDARD BOOK NUMBER |
| International Standard Book Number |
9788179752128 |
| 020 ## - INTERNATIONAL STANDARD BOOK NUMBER |
| International Standard Book Number |
9788179752050 (सेट) |
| 020 ## - INTERNATIONAL STANDARD BOOK NUMBER |
| International Standard Book Number |
9788179752111 |
| 020 ## - INTERNATIONAL STANDARD BOOK NUMBER |
| International Standard Book Number |
9788179752104 |
| 020 ## - INTERNATIONAL STANDARD BOOK NUMBER |
| International Standard Book Number |
9788179752098 |
| 020 ## - INTERNATIONAL STANDARD BOOK NUMBER |
| International Standard Book Number |
9788179752081 |
| 020 ## - INTERNATIONAL STANDARD BOOK NUMBER |
| International Standard Book Number |
9788179752074 |
| 020 ## - INTERNATIONAL STANDARD BOOK NUMBER |
| International Standard Book Number |
9788179752067 |
| 035 ## - SYSTEM CONTROL NUMBER |
| System control number |
HN-56755-763 |
| 037 ## - SOURCE OF ACQUISITION |
| Source of stock number/acquisition |
DBAD / PUB |
| 040 ## - CATALOGING SOURCE |
| Original cataloging agency |
DPL |
| Language of cataloging |
HN |
| 082 ## - DEWEY DECIMAL CLASSIFICATION NUMBER |
| Classification number |
320.5310954 |
| 245 ## - TITLE STATEMENT |
| Title |
राममनोहर लोहिया रचनावली / |
| Statement of responsibility, etc |
मस्तराम कपूर द्वारा संपादित |
| 246 ## - VARYING FORM OF TITLE |
| Title proper/short title |
Rammanohar Lohia rachnavali |
| Remainder of title |
edited by Mastram Kapoor |
| 260 ## - PUBLICATION, DISTRIBUTION, ETC. (IMPRINT) |
| Place of publication, distribution, etc |
नई दिल्ली |
| Name of publisher, distributor, etc |
अनामिका पब्लिशर्स एंड डिस्ट्री |
| Date of publication, distribution, etc |
2008 |
| 270 ## - ADDRESS |
| Address |
4697/3,21ए, अंसारी रोड़ |
| City |
नई दिल्ली |
| Postal code |
110002 |
| Telephone number |
23281655, 23270239 |
| Fax number |
011 27868035 |
| Electronic mail address |
anamikapublishers@yahoo.com.in |
| 300 ## - PHYSICAL DESCRIPTION |
| Extent |
9भाग, 593पृ ;567पृ ;306पृ ; 604पृ ;635पृ ;460पृ ;465पृ ;689पृ ;439पृ |
| Dimensions |
22सेमी (सजिल्द) |
| 500 ## - GENERAL NOTE |
| General note |
9 भागो में प्रकाशित |
| 505 ## - FORMATTED CONTENTS NOTE |
| Formatted contents note |
भाग1-मार्क्स, गांधी और समाजवाद, |
| 505 ## - FORMATTED CONTENTS NOTE |
| Miscellaneous information |
भाग 2-इतिहास चक्र, जाति प्रथा,भारत-विभाजन,के अपराधी तथा लोहिया-अमरीका मूलाकात,, |
| 505 ## - FORMATTED CONTENTS NOTE |
| Formatted contents note |
भाग 3 -सत्ता- प्राप्ति की इच्छा-शक्ति, |
| 505 ## - FORMATTED CONTENTS NOTE |
| Formatted contents note |
भाग 4- क्रांति के लिए संगठन-1, |
| 505 ## - FORMATTED CONTENTS NOTE |
| Formatted contents note |
भाग 5- क्रांति के लिए संगठन-2, |
| 505 ## - FORMATTED CONTENTS NOTE |
| Formatted contents note |
भाग 6- विदेश- नीति,, |
| 505 ## - FORMATTED CONTENTS NOTE |
| Formatted contents note |
भाग 7- भारत, चीन और उत्तरी सीमाएं,, |
| 505 ## - FORMATTED CONTENTS NOTE |
| Formatted contents note |
भाग 8- राजनीति में फुर्सत के क्षण तथा भाषा- समस्या,, |
| 505 ## - FORMATTED CONTENTS NOTE |
| Formatted contents note |
भाग 9- विचार और टिप्पणियां,, , |
| 600 ## - SUBJECT ADDED ENTRY--PERSONAL NAME |
| Personal name |
लोहिया, राममनोहर, 1910-1967 |
| General subdivision |
राजनीतिक एवं सामाजिक विचार |
| 600 ## - SUBJECT ADDED ENTRY--PERSONAL NAME |
| Personal name |
Lohia, Rammanohar, 1910-1967 |
| General subdivision |
Political and social views |
| 650 ## - SUBJECT ADDED ENTRY--TOPICAL TERM |
| Topical term or geographic name as entry element |
समाजवाद |
| Geographic subdivision |
भारत |
| 650 ## - SUBJECT ADDED ENTRY--TOPICAL TERM |
| Topical term or geographic name as entry element |
Socialism |
| Geographic subdivision |
India |
| 700 ## - ADDED ENTRY--PERSONAL NAME |
| Personal name |
कपूर, मस्तराम |
| 942 ## - ADDED ENTRY ELEMENTS (KOHA) |
| Source of classification or shelving scheme |
Dewey Decimal Classification |
| Item type |
Hindi Books |
| Call number suffix |
रामम |
| Classification part |
320.5310954 |